| 000 | 01190nam a2200349 a 4500 | ||
|---|---|---|---|
| 003 | CO-BoRNBP | ||
| 005 | 20241015155101.0 | ||
| 007 | ta | ||
| 008 | 190410s2020 ck gr 000 p spa d | ||
| 020 | _a9789584885005 | ||
| 040 |
_aCO-BoBLA _bspa _cCO-BoBLA |
||
| 043 | _as-ck--- | ||
| 082 | 0 | 4 |
_aCo861.08 _bP67a4 |
| 084 | _aP ANT | ||
| 245 | 0 | 0 |
_aPor todos los silencios : _bantología poética POEPAZ, volumen 3. _cAutores varios |
| 250 | _aEditor Édver Augusto Delgado Verano. | ||
| 300 |
_a295 páginas ; _c21 cm. |
||
| 336 |
_2rdacontent _atexto _btxt |
||
| 337 |
_2rdamedia _asin mediación _bn |
||
| 338 |
_2rdacarrier _avolumen _bnc |
||
| 650 | 7 |
_aPoesía colombiana _vColecciones. _2BLAAUTO _943064 |
|
| 650 | 7 |
_aPoesía costarricense _v Colecciones. _2BLAAUTO _943065 |
|
| 650 | 7 |
_aPoesía mexicana _vColecciones. _2BLAAUTO _943066 |
|
| 650 | 7 |
_aMemoria _vPoesías. _2BLAAUTO _943067 |
|
| 650 | 7 |
_aNoche _vPoesías. _2BLAAUTO _943068 |
|
| 650 | 7 |
_aPaz _v Poesías. _2BLAAUTO _943069 |
|
| 650 | 7 |
_aPolítica _v Poesías. _2BLAAUTO _943070 |
|
| 650 | 7 |
_aAlma _vPoesías. _2BLAAUTO _943071 |
|
| 650 | 7 |
_aSilencio _vPoesías. _2BLAAUTO _943072 |
|
| 942 |
_2ddc _cBKLIT |
||
| 949 |
_ac _bc |
||
| 999 |
_c38453 _d38453 |
||